| Tag |
First Indicator |
Second Indicator |
Subfields |
| LEADER |
00000cam a2200000 4500 |
| 001 |
in00000054153 |
| 005 |
20151008051429.0 |
| 008 |
750416s1951 nyu f 00000 eng u |
| 010 |
|
|
|a 51002400
|
| 035 |
|
|
|a (OCoLC)01281758
|
| 035 |
|
|
|9 AAG7842AM
|
| 040 |
|
|
|c DZM
|d TXA
|d UtOrBLW
|
| 049 |
|
|
|a TXAM
|c [194864]
|
| 050 |
0 |
0 |
|a U113
|b .C33
|
| 082 |
0 |
|
|a 355.1
|
| 092 |
|
|
|a 355.1
|b C156h
|
| 100 |
1 |
|
|a Callahan, Parnell Joseph Terence.
|
| 245 |
1 |
0 |
|a Handbook for servicemen.
|
| 264 |
|
1 |
|a New York :
|b Oceana Publications,
|c [1951]
|
| 300 |
|
|
|a 64 pages ;
|c 23 cm.
|
| 336 |
|
|
|a text
|b txt
|2 rdacontent
|
| 337 |
|
|
|a unmediated
|b n
|2 rdamedia
|
| 338 |
|
|
|a volume
|b nc
|2 rdacarrier
|
| 610 |
1 |
0 |
|a United States.
|b Army
|v Handbooks, manuals, etc.
|
| 610 |
1 |
0 |
|a United States.
|b Navy
|v Handbooks, manuals, etc.
|
| 999 |
|
|
|a MARS
|
| 999 |
f |
f |
|s d2bdb4f7-b27b-3e77-bc1e-e3fda8ff53ab
|i 8a25325a-b89e-30c0-ab38-906599375135
|t 0
|
| 952 |
f |
f |
|p ric
|a Texas A&M University
|b Rellis Campus
|c Joint Library Facility
|d Remote Storage
|t 0
|e U113 .C33
|h Library of Congress classification
|i unmediated -- volume
|m A14800803625
|
| 998 |
f |
f |
|a U113 .C33
|t 0
|l Remote Storage
|